Os 10 grandes do inconsciente (Registo nº 2241)

Detalhes MARC
000 -Etiqueta do registo
Valores 00589nam a22001811i 4500
090 ## -
-- 2241
100 ## - Dados gerais de processamento
Dados gerais 20170304u u u0frey50 ba
101 0# - Língua de publicação
-- por
200 1# - Titulo e menção de responsabilidade
Título próprio Os 10 grandes do inconsciente
215 ## - Descrição física 
Paginação / Volumes 255, [1] p.
Outras indicações físicas il.
Dimensões 22 cm
210 ## - Publicação
Nome do editor Verbo
Local de publicação Lisboa
Data de publicação 1979
225 2# - Colecção 
Título próprio da colecção Psicologia moderna
410 #0 -
-- Psicologia moderna
702 #1 - Autor secundário (pessoa individual)
Apelido Franco
Nome G. Cascais
-- 730
996 ## - ISO2709
-- 0002418
-- PSI
-- 00000000
-- 00000000
-- BMVA
-- 1
-- Alcáçovas
-- Psicologia
-- 25
-- Livro
-- 0
-- 1
996 ## - ISO2709
-- 0022697
-- FRA
-- 00000000
-- 00000000
-- BMVAAG
-- 4
-- Aguiar
-- Psicologia
-- 25
-- Livro
-- 0
-- 1
990 ## - Elementos KOHA
Tipo de documento Livro
Exemplares
Situação do levantamento Estado Biblioteca de origem Biblioteca de empréstimo Localização na Estante Código de barras Permissão de empréstimo Tipo de documento Nota relativa ao exemplar Cota
  Completo Biblioteca Municipal de Viana Do Alentejo Biblioteca Municipal de Viana Do Alentejo Depósito 0002647 Disponível Livro cx. 425  
  Completo Biblioteca Municipal de Viana Do Alentejo Biblioteca Municipal de Viana Do Alentejo Pólo Aguiar   0020051 Disponível Livro   159.9 FRA




Powered by Koha